Les Pokémon Légendaires (De la 1G à la 6G) (Niveau 0) - Statistiques

Statistiques générales
  • Ce quiz a été pris 2 405 fois
  • Le résultat moyen est 44 sur 54
Statistiques - réponses
Gén. Ordre N°.Dex Pokémon % Correct
V 151 Mew
98%
III 146 Sulfura
98%
1 I 144 Artikodin
97%
IV 150 Mewtwo
97%
VII 383 Groudon
95%
VI 382 Kyogre
94%
IV 249 Lugia
94%
II 145 Electhor
93%
V 484 Palkia
93%
III 245 Suicune
93%
IV 483 Dialga
92%
II 244 Entei
92%
V 250 Ho-Oh
92%
VIII 384 Rayquaza
92%
2 I 243 Raikou
91%
VIII 487 Giratina
89%
VII 643 Reshiram
87%
VIII 644 Zekrom
87%
VI 251 Celebi
85%
3 I 377 Regirock
85%
III 379 Registeel
85%
III 482 Créfadet
84%
II 378 Regice
84%
6 I 716 Xerneas
84%
II 717 Yveltal
84%
XIV 493 Arceus
82%
II 481 Créfollet
82%
4 I 480 Créhelf
82%
X 386 Deoxys
82%
XII 491 Darkrai
81%
X 646 Kyurem
80%
IV 380 Latias
80%
V 381 Latios
80%
VII 486 Regigigas
79%
IX 385 Jirachi
78%
III 718 Zygarde
78%
IX 488 Cresselia
75%
IV 640 Viridium
75%
VI 485 Heatran
74%
5 I 494 Victini
74%
II 638 Cobaltium
73%
III 639 Terrakium
72%
XI 490 Manaphy
71%
XIII 492 Shaymin
71%
IX 645 Démétéros
70%
VI 642 Fulguris
70%
X 489 Phione
70%
XI 647 Keldeo
69%
V 641 Boréas
68%
VI 721 Volcanion
63%
XIII 649 Genesect
61%
V 720 Hoopa
61%
XII 648 Meloetta
60%
IV 719 Diancie
58%
Aucun quiz correspondant
Distribution des résultats
% des personnes avec chaque résultat
Percentile par nombre de réponses
Votre historique - résultats
Vous n’avez pas pris ce quiz